10 Największych miast w Norwegii - Statystyki

Ogólne statystyki
  • Ten quiz został rozwiązany 274 razy
    78 od ostatniego zresetowania
  • Średni wynik to 5 z 10
Statystyki odpowiedzi
Liczba mieszkańców Miasto % Poprawnych
1 098 061 Oslo
100%
272 125 Bergen
82%
198 777 Trondheim
81%
239 055 Stavanger/Sandnes
60%
67 372 Kristiansand
38%
55 684 Ålesund
29%
124 540 Drammen
27%
121 679 Fredrikstad/Sarpsborg
23%
96 695 Porsgrunn/Skien
15%
55 939 Tönsberg
11%
Nie znaleziono quizów pasujących do podanych kryteriów
Rozkład punktacji
Procent ludzi z każdym wynikiem
Percentyl według liczby udzielonych odpowiedzi
Twoja historia wyników
Nie rozwiązałeś tego quizu od ostatniego zresetowania